00000000nam 2200000zi 4500
0019.922345
003CaOODSP
00520230505145123
006m     o  d f      
007cr |n|||||||||
008230505t20012001onca    o    f000 0 fre d
020 |z0662657837
040 |aCaOODSP|bfre|erda|cCaOODSP
043 |an-cn---
0861 |aC2-413/2001F-PDF|zC2-413/2001
24500|aBrancher le secteur du bénévolat.
264 1|a[Ottawa] : |bGouvernement du Canada = Government of Canada, |c[2001]
264 4|c©2001
300 |a1 ressource en ligne (2 pages non numérotées) : |billustrations
336 |atexte|btxt|2rdacontent/fre
337 |ainformatique|bc|2rdamedia/fre
338 |aressource en ligne|bcr|2rdacarrier/fre
500 |aÉdition numérisée de l'imprimé [par Innovation, Sciences et Développement économique Canada].
500 |aPublié aussi en anglais sous le titre : Getting the voluntary sector on-line.
500 |a« 53416B. »
650 6|aAssociations sans but lucratif|zCanada.
650 6|aBénévolat|zCanada|xAutomatisation.
650 6|aInternet|zCanada.
7101 |aCanada. |bIndustrie Canada, |eorganisme de publication.
77508|tGetting the voluntary sector on-line.|w(CaOODSP)9.922344
85640|qPDF|s646 Ko|uhttps://publications.gc.ca/collections/collection_2023/isde-ised/c2/C2-413-2001-fra.pdf